000 01133nam a22002537a 4500
003 OSt
005 20250913143653.0
008 240214b ||||| |||| 00| 0 eng d
040 _c0
082 _aDPer 621.381 In821 April 2022 v. 37 n. 4
100 _aZhang, Quanlei.
_eauthor.
_952294
245 _aResearch on input-parallel single-switch wireless power transfer system with constant-current and constant-voltage output /
_cQuanlei Zhang, Chunfang Wang, Hao Yuan, Shuo Zhang, Jingyu Wang, Dongxue Li, and Lingyun Yang.
260 _aNew York ;
_bThe Institute of Electrical and Electronics Engineers, Inc. ,
_cApril 2022.
300 _aVolume 37, pages 4817-4830 :
_billustration ;
_c28 cm
500 _aIEEE Transaction on Power Electronics, vol. 37, no. 4, pages 4817-4830, April 2022.
700 _aZhang, Quanlei.
_eauthor.
_952294
700 _aWang, Chunfang.
_eauthor.
_952295
700 _aYuan, Hao.
_eauthor.
_952296
700 _aZhang, Shuo.
_eauthor.
_952297
700 _aWang, Jingyu.
_eauthor.
_952298
700 _aLi, Dongxue.
_eauthor.
_952299
700 _aYang, Lingyun.
_eauthor.
_952300
942 _2ddc
_cPER
999 _c19132
_d19132